000 00262nam a2200121Ia 4500
082 _a610
_bB10D
100 _aSTAHELI,LYNNT
245 _aPEDIATRIC OTHOPEDICS SECRETS
250 _a3RD
260 _bELSEVIER
_aDELHI
_c2007
650 _aPAEDIATRICS
942 _2ddc
_cBK
999 _c948
_d948